[Event "Swiss Queens Wed #9"]
[Site "FIDE Online Arena INT"]
[Date "2024.03.27"]
[Round "2"]
[White "Hilario, Aleyla"]
[Black "Sheikh Abdullah Munshee, Ava Arabella"]
[Result "0-1"]
[WhiteElo "1932"]
[BlackElo "1564"]
[PlyCount "62"]
[EventDate "2024.03.27"]
[EventType "swiss (blitz)"]
[EventRounds "11"]
[EventCountry "NET"]
[SourceTitle "CB14_2024"]
[SourceDate "2024.04.01"]
[SourceVersion "1"]
[SourceVersionDate "2024.04.01"]
[SourceQuality "1"]

1. d4 d5 2. c4 c6 3. Nf3 Nf6 4. Nc3 e6 5. g3 Bd6 6. Bg2 0-0 7. 0-0 h6 8. Nd2 Nbd7 9. e4 dxe4 10. Ndxe4 Nxe4 11. Nxe4 Bc7 12. Be3 f5 13. Nc3 f4 14. Bd2 e5 15. d5 Nf6 16. dxc6 Bg4 17. Qb3 f3 18. cxb7 fxg2 19. bxa8Q gxf1Q+ 20. Rxf1 Qxa8 21. c5+ Kh8 22. Nb5 Bd8 23. f3 Bh3 24. Rf2 Be7 25. Qc4 Rc8 26. b4 e4 27. Qf7 Re8 28. Nd6 Bxd6 29. cxd6 e3 30. Re2 Qxf3 31. Bc3 Qf1# 0-1

[Event "Swiss Queens Wed #9"]
[Site "FIDE Online Arena INT"]
[Date "2024.03.27"]
[Round "3"]
[White "Sheikh Abdullah Munshee, Ava Arabella"]
[Black "Jimenez Salas, Maria Teresa"]
[Result "1-0"]
[WhiteElo "1564"]
[BlackElo "1939"]
[PlyCount "83"]
[EventDate "2024.03.27"]
[EventType "swiss (blitz)"]
[EventRounds "11"]
[EventCountry "NET"]
[SourceTitle "CB14_2024"]
[SourceDate "2024.04.01"]
[SourceVersion "1"]
[SourceVersionDate "2024.04.01"]
[SourceQuality "1"]

1. e4 c5 2. Nf3 Nc6 3. d4 cxd4 4. Nxd4 Nf6 5. Nc3 d6 6. Bc4 e6 7. 0-0 Be7 8. Re1 0-0 9. h3 a6 10. a4 Qc7 11. Nxc6 bxc6 12. Bg5 d5 13. exd5 cxd5 14. Bd3 h6 15. Bh4 Rb8 16. Qc1 Bd7 17. Bxa6 Qb6 18. Bb5 Bxb5 19. Nxb5 Rfc8 20. Re3 Bc5 21. Rf3 Ne4 22. Qf4 Rb7 23. c3 Nd6 24. b4 Nxb5 25. bxc5 Qxc5 26. axb5 Qxb5 27. Rg3 Qb2 28. Rf1 Kh7 29. Qg4 g6 30. Bf6 Qc2 31. Qh4 Qf5 32. Rf3 Qc2 33. Bg5 h5 34. g4 Rxc3 35. Rf6 Qd3 36. gxh5 Qxh3 37. hxg6+ Kg7 38. Bh6+ Kg8 39. gxf7+ Rxf7 40. Qg5+ Kh7 41. Rxf7+ Kh8 42. Qg7# 1-0

[Event "Swiss Queens Wed #9"]
[Site "FIDE Online Arena INT"]
[Date "2024.03.27"]
[Round "1"]
[White "Sheikh Abdullah Munshee, Ava Arabella"]
[Black "Shubenkova, Veronika"]
[Result "0-1"]
[WhiteElo "1564"]
[BlackElo "2007"]
[PlyCount "62"]
[EventDate "2024.03.27"]
[EventType "swiss (blitz)"]
[EventRounds "11"]
[EventCountry "NET"]
[SourceTitle "CB14_2024"]
[SourceDate "2024.04.01"]
[SourceVersion "1"]
[SourceVersionDate "2024.04.01"]
[SourceQuality "1"]

1. e4 e5 2. Nf3 Nc6 3. Bc4 Bc5 4. d3 Nf6 5. 0-0 0-0 6. Nc3 a6 7. Bg5 b5 8. Bb3 Be7 9. Re1 d6 10. h3 Be6 11. d4 exd4 12. Nxd4 Nxd4 13. Qxd4 c5 14. Qe3 c4 15. Rad1 cxb3 16. axb3 Nd7 17. Bxe7 Qxe7 18. f4 Nc5 19. f5 Bd7 20. Nd5 Qh4 21. f6 gxf6 22. Ne7+ Kh8 23. Rxd6 Be6 24. Rf1 Rae8 25. Qxc5 Qxe4 26. Nc6 Rg8 27. Rf2 Bxh3 28. Rdd2 Bxg2 29. Rxg2 Qe1+ 30. Kh2 Qh4+ 31. Kg1 Re1# 0-1

[Event "Swiss Queens Wed #6"]
[Site "FIDE Online Arena INT"]
[Date "2024.03.06"]
[Round "7"]
[White "Bubnova, Uliana"]
[Black "Sheikh Abdullah Munshee, Ava Arabella"]
[Result "0-1"]
[WhiteElo "1844"]
[BlackElo "1564"]
[PlyCount "90"]
[EventDate "2024.03.06"]
[EventType "swiss (blitz)"]
[EventRounds "11"]
[EventCountry "NET"]
[SourceTitle "CB11_2024"]
[SourceDate "2024.03.13"]
[SourceVersion "1"]
[SourceVersionDate "2024.03.13"]
[SourceQuality "1"]

1. e4 e6 2. d4 d5 3. e5 c5 4. c3 Qb6 5. Nf3 Nc6 6. a3 Nh6 7. Bd3 Nf5 8. b4 cxd4 9. cxd4 Bd7 10. Bb2 Rc8 11. 0-0 Be7 12. Nc3 0-0 13. Bxf5 exf5 14. Nxd5 Qd8 15. Nxe7+ Qxe7 16. d5 Nd8 17. Re1 Rc4 18. Qd3 Rg4 19. h3 Rg6 20. Qd4 f4 21. Kh1 Bb5 22. Qxf4 Qd7 23. Nh4 Rh6 24. Nf5 Rg6 25. Rac1 Kh8 26. d6 Ne6 27. Qe3 Bc6 28. f3 Ng5 29. Ne7 Nxh3 30. Nxg6+ fxg6 31. e6 Qxd6 32. gxh3 Bxf3+ 33. Qxf3 Rxf3 34. Rc8+ Rf8 35. Rxf8+ Qxf8 36. Kg2 Qe7 37. Bd4 b6 38. Kh1 h5 39. Bf2 g5 40. Kh2 h4 41. Re4 Kg8 42. Be3 Qd6+ 43. Kh1 Qd5 44. Kg1 Qxe4 45. Bxg5 Qxe6 0-1

[Event "Swiss Queens Wed #6"]
[Site "FIDE Online Arena INT"]
[Date "2024.03.06"]
[Round "9"]
[White "Hrebenshchykova, Yelyzaveta"]
[Black "Sheikh Abdullah Munshee, Ava Arabella"]
[Result "1-0"]
[WhiteElo "2288"]
[BlackElo "1564"]
[PlyCount "39"]
[EventDate "2024.03.06"]
[EventType "swiss (blitz)"]
[EventRounds "11"]
[EventCountry "NET"]
[SourceTitle "CB11_2024"]
[SourceDate "2024.03.13"]
[SourceVersion "1"]
[SourceVersionDate "2024.03.13"]
[SourceQuality "1"]

1. e4 e6 2. d4 d5 3. Nc3 dxe4 4. Nxe4 Nf6 5. Nxf6+ Qxf6 6. Nf3 Bd6 7. Bd3 h6 8. Qe2 0-0 9. g4 Nc6 10. Qe4 Qg6 11. Qe3 Qxg4 12. Rg1 Qh5 13. Qxh6 Qxh6 14. Bxh6 f5 15. Rxg7+ Kh8 16. Ng5 Nd8 17. Rh7+ Kg8 18. Bxf8 Bxf8 19. Ke2 e5 20. Bc4+ 1-0

[Event "Swiss Queens Wed #6"]
[Site "FIDE Online Arena INT"]
[Date "2024.03.06"]
[Round "3"]
[White "Preobrazhenskaya, Diana"]
[Black "Sheikh Abdullah Munshee, Ava Arabella"]
[Result "1-0"]
[WhiteElo "1992"]
[BlackElo "1564"]
[PlyCount "45"]
[EventDate "2024.03.06"]
[EventType "swiss (blitz)"]
[EventRounds "11"]
[EventCountry "NET"]
[SourceTitle "CB11_2024"]
[SourceDate "2024.03.13"]
[SourceVersion "1"]
[SourceVersionDate "2024.03.13"]
[SourceQuality "1"]

1. e4 e6 2. d4 d5 3. Nc3 dxe4 4. Nxe4 Nf6 5. Bg5 Be7 6. Bxf6 Bxf6 7. Nxf6+ Qxf6 8. Nf3 0-0 9. Qd3 Nc6 10. 0-0-0 Rd8 11. Qe4 a6 12. Kb1 Bd7 13. Bd3 g6 14. c3 b5 15. Ne5 Nxe5 16. dxe5 Qe7 17. h4 c5 18. h5 c4 19. Bc2 Rdc8 20. hxg6 fxg6 21. Rh6 Qg5 22. Rdh1 Bc6 23. Rxh7 1-0

[Event "Swiss Queens Wed #6"]
[Site "FIDE Online Arena INT"]
[Date "2024.03.06"]
[Round "6"]
[White "Sheikh Abdullah Munshee, Ava Arabella"]
[Black "Gong, Qianyun"]
[Result "0-1"]
[WhiteElo "1564"]
[BlackElo "2267"]
[PlyCount "102"]
[EventDate "2024.03.06"]
[EventType "swiss (blitz)"]
[EventRounds "11"]
[EventCountry "NET"]
[SourceTitle "CB11_2024"]
[SourceDate "2024.03.13"]
[SourceVersion "1"]
[SourceVersionDate "2024.03.13"]
[SourceQuality "1"]

1. e4 c6 2. d4 d5 3. exd5 cxd5 4. Nf3 Nc6 5. Bd3 Bg4 6. c3 Nf6 7. 0-0 e6 8. h3 Bh5 9. Bf4 Bd6 10. Bxd6 Qxd6 11. Nbd2 0-0 12. Re1 h6 13. Qe2 Rac8 14. g4 Bg6 15. Bxg6 fxg6 16. Qxe6+ Qxe6 17. Rxe6 b5 18. Nb3 b4 19. Nc5 bxc3 20. bxc3 Nxg4 21. hxg4 Rxf3 22. Rxg6 Kh7 23. Rd6 Rxc3 24. Ne6 Re8 25. Nc7 Re4 26. Nxd5 Rxg4+ 27. Kh2 Rf3 28. Rxc6 Rf5 29. Kh3 Rxd4 30. Ne3 Rxf2 31. Kg3 Rdf4 32. Nd5 R4f3+ 33. Kg4 Rf5 34. Rd1 Rg5+ 35. Kh3 Rf3+ 36. Kh2 Rff5 37. Ne3 Rf2+ 38. Kh1 Rf3 39. Nf1 Rf2 40. Rc3 Rxa2 41. Rh3 a5 42. Ne3 Ra3 43. Re1 Re5 44. Kg2 a4 45. Kf2 Ra2+ 46. Kf3 a3 47. Kf4 Re6 48. Reh1 Rf2+ 49. Kg3 Rff6 50. Ng4 Rg6 51. Rxh6+ gxh6 0-1

[Event "Swiss Queens Wed #6"]
[Site "FIDE Online Arena INT"]
[Date "2024.03.06"]
[Round "1"]
[White "Zaksaite, Salomeja"]
[Black "Sheikh Abdullah Munshee, Ava Arabella"]
[Result "0-1"]
[WhiteElo "2212"]
[BlackElo "1564"]
[PlyCount "88"]
[EventDate "2024.03.06"]
[EventType "swiss (blitz)"]
[EventRounds "11"]
[EventCountry "NET"]
[SourceTitle "CB11_2024"]
[SourceDate "2024.03.13"]
[SourceVersion "1"]
[SourceVersionDate "2024.03.13"]
[SourceQuality "1"]

1. e4 e6 2. d4 d5 3. exd5 exd5 4. Bd3 Nf6 5. Nc3 Bd6 6. Bg5 c6 7. Nge2 0-0 8. Qd2 b5 9. 0-0-0 b4 10. Na4 Nbd7 11. Kb1 Qa5 12. b3 Be7 13. Nc1 Nb6 14. Nc5 Bxc5 15. dxc5 Qxc5 16. Bxf6 gxf6 17. Qh6 f5 18. Qg5+ Kh8 19. Qf6+ Kg8 20. Rhe1 Qc3 21. Qh4 d4 22. Qg5+ Kh8 23. g4 Nd5 24. gxf5 f6 25. Qh6 Bd7 26. Rg1 Rg8 27. Ne2 Qc5 28. Bc4 Qd6 29. Nxd4 Nc3+ 30. Kb2 Nxd1+ 31. Rxd1 Rg4 32. Ne6 Qe5+ 33. Kb1 Bxe6 34. fxe6 Rag8 35. e7 Rg1 36. Qd2 Rxd1+ 37. Qxd1 Qxe7 38. Bxg8 Kxg8 39. Qg4+ Kf7 40. Qc4+ Kg7 41. Qg4+ Kh8 42. Qc4 Qe1+ 43. Kb2 Qe5+ 44. Kb1 c5 0-1

[Event "Swiss Queens Wed #4"]
[Site "FIDE Online Arena INT"]
[Date "2024.02.21"]
[Round "9"]
[White "Dominguez, Laura Lucia"]
[Black "Sheikh Abdullah Munshee, Ava Arabella"]
[Result "0-1"]
[WhiteElo "1988"]
[BlackElo "1274"]
[PlyCount "106"]
[EventDate "2024.02.21"]
[EventType "swiss (blitz)"]
[EventRounds "11"]
[EventCountry "NET"]
[SourceTitle "CB09_2024"]
[SourceDate "2024.02.28"]
[SourceVersion "1"]
[SourceVersionDate "2024.02.28"]
[SourceQuality "1"]

1. e4 e6 2. Qe2 Be7 3. f4 d5 4. exd5 exd5 5. Nf3 Nf6 6. d3 0-0 7. Ne5 Bd6 8. h3 Nc6 9. Kf2 Re8 10. Nc3 Nxe5 11. fxe5 Bxe5 12. Qf3 Bd4+ 13. Kg3 Qd6+ 14. Bf4 Qb6 15. Ne2 Bd7 16. Nxd4 Qxd4 17. c3 Qb6 18. Rb1 d4 19. c4 Bc6 20. Qd1 Qc5 21. Kh2 Rac8 22. Be2 Qf5 23. Rf1 Qg6 24. Bf3 Bxf3 25. Rxf3 Nh5 26. Rg3 Nxg3 27. Bxg3 Re3 28. Bf2 Rxd3 29. Qa4 Rd2 30. Rf1 h5 31. Qd7 Rf8 32. Qxc7 Qd3 33. Kg1 Re8 34. Be1 Rxb2 35. Qxf7+ Kh7 36. Qxh5+ Kg8 37. Qxe8+ Kh7 38. Qf7 Qe3+ 39. Bf2 Qe4 40. Qh5+ Kg8 41. Qg5 d3 42. Re1 Re2 43. Rxe2 Qxe2 44. Qd8+ Kh7 45. Qh4+ Kg8 46. Qd4 d2 47. Qd5+ Kh7 48. Qd3+ Qxd3 49. Kh2 d1Q 50. Bg3 Q1d2 51. Bh4 Q3e2 52. Bf2 Qxf2 53. h4 Qxg2# 0-1

[Event "Swiss Queens Wed #4"]
[Site "FIDE Online Arena INT"]
[Date "2024.02.21"]
[Round "4"]
[White "Sheikh Abdullah Munshee, Ava Arabella"]
[Black "Vantika, Agrawal"]
[Result "0-1"]
[WhiteElo "1274"]
[BlackElo "2398"]
[PlyCount "84"]
[EventDate "2024.02.21"]
[EventType "swiss (blitz)"]
[EventRounds "11"]
[EventCountry "NET"]
[SourceTitle "CB09_2024"]
[SourceDate "2024.02.28"]
[SourceVersion "1"]
[SourceVersionDate "2024.02.28"]
[SourceQuality "1"]

1. e4 c5 2. Nf3 d6 3. d4 cxd4 4. Nxd4 Nf6 5. Nc3 a6 6. Be2 e5 7. Nf3 Be7 8. 0-0 0-0 9. Bg5 Be6 10. Bd3 Nbd7 11. Qd2 b5 12. a3 Rc8 13. Ne1 h6 14. Bh4 Nh5 15. Bxe7 Qxe7 16. Ne2 Nc5 17. f4 exf4 18. Nxf4 Nxf4 19. Qxf4 Rfd8 20. Nf3 Nxd3 21. cxd3 Rc2 22. Rab1 Ba2 23. Rbc1 Rxb2 24. e5 dxe5 25. Nxe5 Bd5 26. Nf3 Qe2 27. Nh4 Qxg2+ 28. Nxg2 Rxg2+ 29. Kh1 Rg3+ 30. Qe4 Rxd3 31. Qxd5 R3xd5 32. Rc7 R5d7 33. Rc6 Rd6 34. Rc7 R8d7 35. Rc8+ Kh7 36. Ra8 Rc7 37. Kg2 f6 38. Re1 Rd2+ 39. Kg3 Rd3+ 40. Kg4 Kg6 41. Rf1 Rc4+ 42. Rf4 h5+ 0-1

[Event "Swiss Queens Wed #4"]
[Site "FIDE Online Arena INT"]
[Date "2024.02.21"]
[Round "3"]
[White "Warsia, Khusbu"]
[Black "Sheikh Abdullah Munshee, Ava Arabella"]
[Result "0-1"]
[WhiteElo "1736"]
[BlackElo "1274"]
[PlyCount "60"]
[EventDate "2024.02.21"]
[EventType "swiss (blitz)"]
[EventRounds "11"]
[EventCountry "NET"]
[SourceTitle "CB09_2024"]
[SourceDate "2024.02.28"]
[SourceVersion "1"]
[SourceVersionDate "2024.02.28"]
[SourceQuality "1"]

1. e4 e6 2. d4 d5 3. Nd2 dxe4 4. Nxe4 Nf6 5. Bd3 Nxe4 6. Bxe4 Bd6 7. Qd3 h6 8. Nf3 0-0 9. 0-0 f5 10. Bxb7 Bxb7 11. Qb3 Bd5 12. c4 Bxf3 13. Qxf3 Nd7 14. Re1 Qh4 15. g3 Qxd4 16. Rxe6 Qxc4 17. Re1 Ne5 18. Qb3 Qxb3 19. axb3 Nf3+ 20. Kf1 Nxe1 21. Kxe1 Rfe8+ 22. Be3 f4 23. gxf4 Bxf4 24. Ke2 Bxe3 25. fxe3 Re6 26. Ra4 Rae8 27. Rxa7 Rxe3+ 28. Kd2 Rxb3 29. Rxc7 Rxb2+ 30. Kd3 Rxh2 0-1

[Event "Swiss Queens Wed #3"]
[Site "FIDE Online Arena INT"]
[Date "2024.02.14"]
[Round "3"]
[White "Kubicka, Anna"]
[Black "Sheikh Abdullah Munshee, Ava Arabella"]
[Result "1-0"]
[WhiteElo "2278"]
[BlackElo "1274"]
[PlyCount "83"]
[EventDate "2024.02.14"]
[EventType "swiss (blitz)"]
[EventRounds "11"]
[EventCountry "NET"]
[SourceTitle "CB08_2024"]
[SourceDate "2024.02.21"]
[SourceVersion "1"]
[SourceVersionDate "2024.02.21"]
[SourceQuality "1"]

1. e4 e6 2. d4 d5 3. exd5 exd5 4. Bd3 Nf6 5. h3 Bd6 6. Ne2 0-0 7. 0-0 h6 8. Bf4 Be6 9. Nd2 Nc6 10. c3 Qd7 11. Nf3 Rfe8 12. Re1 Bxh3 13. Bxd6 cxd6 14. gxh3 Qxh3 15. Ng3 h5 16. Bf5 Ng4 17. Bxg4 hxg4 18. Nh2 Kh7 19. Qxg4 Qh6 20. Qf5+ Kg8 21. Ng4 Qh4 22. Qh5 Qxh5 23. Nxh5 Ne7 24. Re3 f5 25. Nh2 Ng6 26. Rae1 Rxe3 27. Rxe3 Kf7 28. Nf3 Rh8 29. Ng5+ Kf8 30. Ne6+ Kf7 31. Nhxg7 Rg8 32. Kf1 Ne7 33. Nh5 Rh8 34. Ng5+ Kg6 35. Rxe7 Kxg5 36. Ng3 f4 37. Ne2 Kg4 38. Rg7+ Kf3 39. Ng1+ Ke4 40. Ke2 Rh2 41. Rg5 Rh1 42. f3# 1-0

[Event "Swiss Queens Wed #3"]
[Site "FIDE Online Arena INT"]
[Date "2024.02.14"]
[Round "8"]
[White "Sheikh Abdullah Munshee, Ava Arabella"]
[Black "Castillo Beitia, Ashley Alexandra"]
[Result "0-1"]
[WhiteElo "1274"]
[BlackElo "1929"]
[PlyCount "106"]
[EventDate "2024.02.14"]
[EventType "swiss (blitz)"]
[EventRounds "11"]
[EventCountry "NET"]
[SourceTitle "CB08_2024"]
[SourceDate "2024.02.21"]
[SourceVersion "1"]
[SourceVersionDate "2024.02.21"]
[SourceQuality "1"]

1. e4 c5 2. Nf3 d6 3. d4 cxd4 4. Nxd4 Nf6 5. Nc3 g6 6. f4 Nbd7 7. Bc4 Bg7 8. Be3 0-0 9. Qd2 Nc5 10. e5 dxe5 11. fxe5 Nfe4 12. Nxe4 Nxe4 13. Qd3 Nc5 14. Qa3 b6 15. 0-0-0 Qc7 16. e6 fxe6 17. b4 Ne4 18. Qb3 Kh8 19. Nxe6 Bxe6 20. Bxe6 Qe5 21. Bd4 Qf4+ 22. Kb1 Nd2+ 23. Rxd2 Qxd2 24. Bxg7+ Kxg7 25. Qb2+ Rf6 26. g4 Qg2 27. Rd1 Qe2 28. Rc1 g5 29. Bf5 Rd8 30. Qc3 Rd1 31. Rxd1 Qxd1+ 32. Kb2 Qd6 33. a3 Qxh2 34. Qe3 Qf4 35. Qxe7+ Rf7 36. Qd8 h5 37. Be6 Qf6+ 38. Qxf6+ Rxf6 39. Bd7 h4 40. Bc8 h3 41. Bb7 h2 42. c4 Rf1 43. Kb3 h1Q 44. Bxh1 Rxh1 45. c5 bxc5 46. bxc5 Rc1 47. Kb4 Kf6 48. Kb5 Ke7 49. Kc6 Kd8 50. Kd6 Kc8 51. Ke5 Rc4 52. Kf5 Rxc5+ 53. Kg6 Kc7 0-1

[Event "Swiss Queens Wed #3"]
[Site "FIDE Online Arena INT"]
[Date "2024.02.14"]
[Round "6"]
[White "Sheikh Abdullah Munshee, Ava Arabella"]
[Black "February, Jesse Nikki"]
[Result "1-0"]
[WhiteElo "1274"]
[BlackElo "1866"]
[PlyCount "77"]
[EventDate "2024.02.14"]
[EventType "swiss (blitz)"]
[EventRounds "11"]
[EventCountry "NET"]
[SourceTitle "CB08_2024"]
[SourceDate "2024.02.21"]
[SourceVersion "1"]
[SourceVersionDate "2024.02.21"]
[SourceQuality "1"]

1. e4 e6 2. d4 d5 3. exd5 exd5 4. Nf3 Bd6 5. Bd3 Bg4 6. 0-0 Nc6 7. Re1+ Nge7 8. c3 Qd7 9. Bg5 f6 10. Bh4 0-0-0 11. Nbd2 g5 12. Bg3 h5 13. Bxd6 Qxd6 14. h3 Bf5 15. Bxf5+ Nxf5 16. Qc2 Nce7 17. Rac1 g4 18. Nh2 gxh3 19. c4 hxg2 20. cxd5 Rd7 21. Ne4 Qf4 22. Nxf6 Nxd4 23. Qa4 Qxf6 24. Qxa7 Kd8 25. Qb8+ Nc8 26. Qxb7 Nf3+ 27. Nxf3 Qxf3 28. Rc3 Qxd5 29. Qb4 Rg8 30. Rce3 Qd6 31. Qh4+ Ne7 32. Ra3 Qc6 33. Rc3 Qd5 34. Ra3 Rg4 35. Qf6 Rg8 36. Rb3 Kc8 37. Qa6+ Kd8 38. Rb8+ Nc8 39. Qxc8# 1-0

[Event "Swiss Queens Wed #3"]
[Site "FIDE Online Arena INT"]
[Date "2024.02.14"]
[Round "11"]
[White "Sheikh Abdullah Munshee, Ava Arabella"]
[Black "Milner, Romi"]
[Result "0-1"]
[WhiteElo "1274"]
[BlackElo "1716"]
[PlyCount "56"]
[EventDate "2024.02.14"]
[EventType "swiss (blitz)"]
[EventRounds "11"]
[EventCountry "NET"]
[SourceTitle "CB08_2024"]
[SourceDate "2024.02.21"]
[SourceVersion "1"]
[SourceVersionDate "2024.02.21"]
[SourceQuality "1"]

1. e4 e5 2. Nf3 Nc6 3. Bc4 Bc5 4. d3 Nf6 5. 0-0 h6 6. Nc3 0-0 7. Be3 Bb6 8. Qd2 d6 9. h3 Be6 10. Bb3 d5 11. exd5 Nxd5 12. Nxd5 Bxd5 13. Bxd5 Qxd5 14. c4 Qd6 15. a3 Rad8 16. Rfd1 Nd4 17. Nxd4 Bxd4 18. Bxd4 Qxd4 19. Qe2 Qc5 20. b4 Qd4 21. Qf3 c6 22. Rac1 Rd7 23. Rd2 e4 24. Qf4 exd3 25. Qg3 Rfd8 26. Rcd1 Qc3 27. Ra2 Qxc4 28. Qe3 Qxa2 0-1

[Event "Swiss Queens Wed #3"]
[Site "FIDE Online Arena INT"]
[Date "2024.02.14"]
[Round "7"]
[White "Zaksaite, Salomeja"]
[Black "Sheikh Abdullah Munshee, Ava Arabella"]
[Result "1-0"]
[WhiteElo "2212"]
[BlackElo "1274"]
[PlyCount "91"]
[EventDate "2024.02.14"]
[EventType "swiss (blitz)"]
[EventRounds "11"]
[EventCountry "NET"]
[SourceTitle "CB08_2024"]
[SourceDate "2024.02.21"]
[SourceVersion "1"]
[SourceVersionDate "2024.02.21"]
[SourceQuality "1"]

1. e4 e6 2. d4 d5 3. exd5 exd5 4. Bd3 Nf6 5. Nc3 Bd6 6. Bg5 c6 7. Qd2 0-0 8. Nge2 Be6 9. 0-0-0 b5 10. Nf4 a5 11. Rde1 a4 12. Nxe6 fxe6 13. Rxe6 b4 14. Nb1 b3 15. cxb3 axb3 16. a3 c5 17. Rhe1 Nc6 18. dxc5 Bxc5 19. Rxc6 Rc8 20. Rxc8 Qxc8 21. Nc3 d4 22. Bc4+ Kh8 23. Bxf6 Rxf6 24. Ne4 Rc6 25. Kb1 Bb6 26. Bxb3 h6 27. Ba4 Rg6 28. Nf6 Qf5+ 29. Bc2 Qxf6 30. Re8+ Kh7 31. Qd3 Bc5 32. b4 Bf8 33. Qxg6+ Qxg6 34. Bxg6+ Kxg6 35. Rxf8 d3 36. b5 d2 37. Kc2 Kg5 38. Kxd2 Kg4 39. b6 g5 40. b7 h5 41. b8Q h4 42. h3+ Kh5 43. Qe8+ Kh6 44. Rf6+ Kg7 45. Qg6+ Kh8 46. Rf8# 1-0

[Event "Swiss Queens Wed #2"]
[Site "FIDE Online Arena INT"]
[Date "2024.02.07"]
[Round "9"]
[White "Kaldarova, Ayaulym"]
[Black "Sheikh Abdullah Munshee, Ava Arabella"]
[Result "0-1"]
[WhiteElo "2110"]
[BlackElo "1274"]
[PlyCount "44"]
[EventDate "2024.02.07"]
[EventType "swiss (blitz)"]
[EventRounds "11"]
[EventCountry "NET"]
[SourceTitle "CB07_2024"]
[SourceDate "2024.02.14"]
[SourceVersion "1"]
[SourceVersionDate "2024.02.14"]
[SourceQuality "1"]

1. Nf3 d5 2. g3 Nf6 3. Bg2 Bf5 4. c4 e6 5. 0-0 Be7 6. cxd5 exd5 7. d3 0-0 8. Qb3 Qc8 9. Nc3 Be6 10. Nd4 Nc6 11. Nxe6 fxe6 12. Bg5 Nd4 13. Qd1 c6 14. e3 Nf5 15. e4 dxe4 16. dxe4 Rd8 17. Qc1 Nd4 18. Rd1 Bb4 19. Bxf6 Bxc3 20. Bxd4 Bxd4 21. Qc4 c5 22. Bh3 Re8 0-1

[Event "Swiss Queens Wed #1"]
[Site "FIDE Online Arena INT"]
[Date "2024.01.31"]
[Round "6"]
[White "Dakshikaa, SM."]
[Black "Sheikh Abdullah Munshee, Ava Arabella"]
[Result "0-1"]
[WhiteElo "1310"]
[BlackElo "1274"]
[PlyCount "58"]
[EventDate "2024.01.31"]
[EventType "swiss (blitz)"]
[EventRounds "11"]
[EventCountry "NET"]
[SourceTitle "CB06_2024"]
[SourceDate "2024.02.07"]
[SourceVersion "1"]
[SourceVersionDate "2024.02.07"]
[SourceQuality "1"]

1. e4 e6 2. d4 d5 3. Nc3 dxe4 4. Nxe4 Nf6 5. Bg5 Be7 6. Bxf6 Bxf6 7. Nf3 0-0 8. g3 Nc6 9. c3 e5 10. d5 Nb8 11. Bg2 Bg4 12. 0-0 Nd7 13. h3 Bf5 14. Nxf6+ Nxf6 15. Nxe5 Re8 16. f4 Qc8 17. g4 Be4 18. Bxe4 Nxe4 19. Qd3 Nc5 20. Qd4 b6 21. b4 Nb7 22. Nc6 Nd6 23. Rae1 Qd7 24. Ne5 Qa4 25. Re2 f6 26. Rfe1 fxe5 27. Rxe5 Rxe5 28. Qxe5 Re8 29. Qxe8+ Nxe8 0-1

[Event "Swiss Queens Wed #1"]
[Site "FIDE Online Arena INT"]
[Date "2024.01.31"]
[Round "8"]
[White "Sheikh Abdullah Munshee, Ava Arabella"]
[Black "Stangl, Anita"]
[Result "0-1"]
[WhiteElo "1274"]
[BlackElo "2055"]
[PlyCount "40"]
[EventDate "2024.01.31"]
[EventType "swiss (blitz)"]
[EventRounds "11"]
[EventCountry "NET"]
[SourceTitle "CB06_2024"]
[SourceDate "2024.02.07"]
[SourceVersion "1"]
[SourceVersionDate "2024.02.07"]
[SourceQuality "1"]

1. e4 e6 2. d4 d5 3. exd5 exd5 4. Nf3 Nc6 5. Bd3 Bg4 6. c3 Bd6 7. 0-0 Nge7 8. h3 Bh5 9. Re1 Qd7 10. Bg5 f6 11. Bh4 0-0-0 12. Nbd2 g5 13. Bg3 h6 14. Qc2 g4 15. Nh4 gxh3 16. Nf5 hxg2 17. Nxe7+ Nxe7 18. c4 Qh3 19. f3 Bxg3 20. Rxe7 Qh1# 0-1